Una historia cultural del humor. Desde la antigüedad a nuestros días.

Saved in:
Bibliografiske detaljer
Hovedforfatter: Bremmer, Jan (coordinación)
Andre forfattere: Roodenburg, Herman (coordinación)
Format: Bog
Udgivet: Madrid, España: Sequitur, 2022.
Udgivelse:Nueva edición.
Fag:
Tags: Tilføj Tag
Ingen Tags, Vær først til at tagge denne postø!

MARC

LEADER 00000nam a22000007a 4500
003 CL-VaPUC
005 20240513144115.0
008 240510t2022 ||||| |||| 00| 0 eng d
999 |c 443720  |d 443718 
020 |a 978-84-15707-78-3 
040 |c Pontificia Universidad Católica de Valparaíso 
082 0 4 |a 152.43 BRE 2022  |2 21 
100 |a Bremmer, Jan  |e coordinación  |9 888883 
245 1 4 |a Una historia cultural del humor.  |b Desde la antigüedad a nuestros días. 
250 |a Nueva edición.  
260 |a Madrid, España:  |b Sequitur,  |c 2022. 
300 |a 348 páginas.  
583 |a last modification  |c 20020412 00:00:00  |k GC 
650 7 |a Humor  |x Historia   |9 888884 
700 |a Roodenburg, Herman   |e coordinación   |9 888885 
942 |c BK  |2 ddc 
952 |0 0  |1 0  |2 ddc  |4 0  |6 152_430000000000000_BRE_2022  |7 0  |8 A  |9 594503  |a BIBHIS  |b BIBHIS  |d 2024-05-10  |e 36  |g 26090.00  |i 5661344  |o 152.43 BRE 2022  |p 5661344  |r 2025-01-20  |t 1  |v 26090.00  |w 2024-05-10  |y BK  |k HIS